|
|
|
|
| LEADER |
01472nam a2200397 i 4500 |
| 001 |
000630588 |
| 003 |
CZ BrMZK |
| 005 |
20171016143445.0 |
| 007 |
ta |
| 008 |
021015s1980 xr e c dcze d |
| 040 |
|
|
|a BOA001
|b cze
|c BOA001
|e rda
|
| 043 |
|
|
|a e-xr---
|
| 045 |
|
|
|a x-x-
|
| 072 |
|
7 |
|a 74
|x Kresba. Umělecká řemesla
|2 Konspekt
|9 21
|
| 080 |
|
|
|a 741/744(437.3)
|2 MRF
|
| 080 |
|
|
|a (437.3)
|2 MRF
|
| 080 |
|
|
|a (083.824)
|2 MRF
|
| 100 |
1 |
|
|a Wagner, Josef,
|d 1901-1957
|7 jn19990010031
|4 art
|
| 245 |
1 |
0 |
|a Josef Wagner :
|b sochařské kresby : kabinet grafiky, Dům pánů z Kunštátu, Brno 4. května-1. června 1980 /
|c úvodní text Jan Sekera
|
| 264 |
|
1 |
|a Brno :
|b Dům umění města Brna,
|c 1980
|
| 300 |
|
|
|a 1 svazek (nestránkováno) +
|e 1 příloha
|
| 336 |
|
|
|a text
|b txt
|2 rdacontent
|
| 337 |
|
|
|a bez média
|b n
|2 rdamedia
|
| 338 |
|
|
|a svazek
|b nc
|2 rdacarrier
|
| 490 |
1 |
|
|a DU/DPK ;
|v 307/80
|
| 500 |
|
|
|a Katalog výstavy
|
| 600 |
1 |
7 |
|a Wagner, Josef,
|d 1901-1957
|7 jn19990010031
|2 czenas
|
| 648 |
|
7 |
|a 20. století
|7 ch460558
|2 czenas
|
| 650 |
0 |
7 |
|a česká kresba
|7 ph116857
|y 20. století
|2 czenas
|
| 655 |
|
7 |
|a katalogy výstav
|7 fd132536
|2 czenas
|
| 700 |
1 |
|
|a Sekera, Jan,
|d 1935-2015
|7 jx20041202007
|4 wfw
|
| 710 |
2 |
|
|a Dům pánů z Kunštátu (Brno, Česko)
|7 kn20030815006
|4 isb
|
| 830 |
|
0 |
|a DU/DPK
|
| 910 |
|
|
|a BOA001
|b X-0821.251
|
| 990 |
|
|
|a BK
|
| 996 |
6 |
|
|b 2619256932
|c X-0821.251
|l MZK
|r Sklad / do 24 hodin
|n 1
|w 000630588
|u 000010
|a 1
|e BOA001
|j MZK50
|s P
|